| 000 | 00650 a2200241 4500 | ||
|---|---|---|---|
| 005 | 20260121163144.0 | ||
| 008 | 260121b |||||||| |||| 00| 0 eng d | ||
| 020 |
_a9781032410302 _c£ 44.99 |
||
| 040 | _aMAIN | ||
| 082 |
_a005.15 _bB274I(7) |
||
| 100 | _aBarrett, Karen C | ||
| 245 | _aIBM SPSS for introductory statistics: Use and interpretation | ||
| 250 | _a7th | ||
| 260 |
_bRoutledge _c2026 _aNew York |
||
| 300 | _axiv, 253 | ||
| 650 | _aComputer Science | ||
| 650 | _aApplication Software | ||
| 650 | _aData Collection | ||
| 700 | _aLeech, Nancy L | ||
| 700 | _aGloeckner, Gene W | ||
| 700 | _aMorgan, George M | ||
| 942 | _cBK | ||
| 999 |
_c395531 _d395531 |
||